000 00556nam a22001937a 4500
003 0
005 20231204155439.0
008 231204b xxu||||| |||| 00| 0 eng d
020 _a978-971518-502-8
050 _aCL
_bLon847 2011
082 _aCL
_bLon847 2011
100 _aLondon, Jack
245 _aWhite fang
_cJack London
260 _aQuezon City
_bLampara Publishing House
_cc2011.
300 _a125 pages :
_bcolored illustrations ;
_c20 cm.
500 _aIncludes bibliographical references.
650 _aClassic stories.
942 _2lcc
_cBK
999 _c365702
_d365702